101 Ways to Boost Customer Satisfaction (Record no. 4236)

MARC details
000 -LEADER
fixed length control field 00400nam a22001697a 4500
005 - DATE AND TIME OF LATEST TRANSACTION
control field 20240321121032.0
008 - FIXED-LENGTH DATA ELEMENTS--GENERAL INFORMATION
fixed length control field 160627b xxu||||| |||| 00| 0 eng d
020 ## - INTERNATIONAL STANDARD BOOK NUMBER
ISBN 81-7554-150-4
041 ## - LANGUAGE CODE
Language code of text/sound track or separate title eng
082 ## - DEWEY DECIMAL CLASSIFICATION NUMBER
Item number 10473
100 ## - MAIN ENTRY--AUTHOR NAME
Personal name Foster, Temothy R.U.
245 ## - TITLE STATEMENT
Title 101 Ways to Boost Customer Satisfaction
260 ## - PUBLICATION, DISTRIBUTION, ETC. (IMPRINT)
Name of publisher Kogan
Year of publication 2003
300 ## - PHYSICAL DESCRIPTION
Number of Pages 157
650 ## - SUBJECT ADDED ENTRY--TOPICAL TERM
Topical Term Management
942 ## - ADDED ENTRY ELEMENTS (KOHA)
Koha item type Books
Holdings
Lost status Damaged status Collection code Home library Current library Shelving location Date acquired Cost, normal purchase price Full call number Accession Number Koha item type
    LIFE SKILL JRU Library JRU Library SHELF-102-H 27/06/2016 130.00 658.812 10473 Books